Nghiên cứu hệ thống xử lý hỗ trợ nhà máy xử lý nước thải khu công nghiệp An Nghiệp, tỉnh Sóc Trăng (Luận văn tốt nghiêp cao học. Ngành: Quản lý tài nguyên và môi trường)

Đề tài "Nghiên cứu hệ thống xử lý hỗ trợ nhà máy xử lý nước thải khu công nghiệp An Nghiệp, tỉnh Sóc Trăng" nhằm đảm bảo lượng nước thải phát sinh từ các nhà máy trong khu công nghiệp được xử lý triệt để, đạt quy chuẩn Viẹ...

全面介紹

Đã lưu trong:
書目詳細資料
主要作者: Mai, Thị Hoa
格式: 圖書
語言:Undetermined
出版: Cần Thơ Đại Học Cần Thơ 2014
主題:
標簽: 添加標簽
沒有標簽, 成為第一個標記此記錄!
Thư viện lưu trữ: Trung tâm Học liệu Trường Đại học Cần Thơ
LEADER 01348nam a2200229Ia 4500
001 CTU_197953
008 210402s9999 xx 000 0 und d
082 |a 628.3 
082 |b H401 
088 |a 60850101 
100 |a Mai, Thị Hoa 
245 0 |a Nghiên cứu hệ thống xử lý hỗ trợ nhà máy xử lý nước thải khu công nghiệp An Nghiệp, tỉnh Sóc Trăng 
245 0 |b (Luận văn tốt nghiêp cao học. Ngành: Quản lý tài nguyên và môi trường) 
245 0 |c Mai Thị Hoa ; Lê Anh Tuấn 
260 |a Cần Thơ 
260 |b Đại Học Cần Thơ 
260 |c 2014 
520 |a Đề tài "Nghiên cứu hệ thống xử lý hỗ trợ nhà máy xử lý nước thải khu công nghiệp An Nghiệp, tỉnh Sóc Trăng" nhằm đảm bảo lượng nước thải phát sinh từ các nhà máy trong khu công nghiệp được xử lý triệt để, đạt quy chuẩn Việt Nam trước khi thải vào môi trường. 
650 |a Hệ thống xử lý nước thải,Factory and trade waste,Sewerage 
650 |x Management,Purification 
910 |a Nguyễn Lê Phương Thảo 
980 |a Trung tâm Học liệu Trường Đại học Cần Thơ